[Event "MCR_CF02"]
[Site "?"]
[Date "2005.??.??"]
[Round "?"]
[White "Chvojka, Jaroslav"]
[Black "Cvak, Rudolf"]
[Result "1-0"]
[WhiteElo "2149"]
[BlackElo "2040"]
[PlyCount "131"]
[EventDate "2005.??.??"]
[EventType "corr"]
[EventRounds "2"]

1. d4 Nf6 2. c4 g6 3. Nc3 Bg7 4. e4 d6 5. Nf3 O-O 6. Be2 e5 7. O-O exd4 8. Nxd4
Re8 9. f3 Nbd7 10. Be3 h6 11. Qd2 Kh7 12. Ndb5 a6 13. Nd4 Ne5 14. Rad1 Bd7 15.
Nc2 Be6 16. b3 Nc6 17. Kh1 Bc8 18. Nd5 Bd7 19. Bf2 Kg8 20. Nce3 Be6 21. Nxf6+
Qxf6 22. Nd5 Qd8 23. Qc1 a5 24. Be3 Kh7 25. c5 Nb4 26. cxd6 cxd6 27. Bb6 Qd7
28. Qc7 Nxd5 29. Qxd7 Bxd7 30. Rxd5 Rec8 31. Rxd6 Be6 32. Bb5 Rc2 33. Bd7 Be5
34. Rd3 Rxa2 35. f4 Bh8 36. Bxe6 fxe6 37. h4 Rb2 38. h5 gxh5 39. Rd7+ Kg8 40.
Rf3 h4 41. Bd8 Bg7 42. Bxh4 Rf8 43. Re7 b5 44. Rxe6 a4 45. bxa4 bxa4 46. Ra6
Rb3 47. Bg3 Rb4 48. e5 Rf5 49. Kh2 Bf8 50. Rc3 Re4 51. Rc8 Kh7 52. Kh3 a3 53.
Bh4 Rfxf4 54. Rc7+ Kg8 55. Rg6+ Kh8 56. Bf6+ Rxf6 57. exf6 Re3+ 58. g3 a2 59.
Rf7 Re8 60. Ra7 Re6 61. Rxa2 Kh7 62. Rg4 Rxf6 63. Ra7+ Kh8 64. Rf4 Bg7 65. Rxf6
Bxf6 66. Kg4 1-0

[Event "MCR_CF02"]
[Site "?"]
[Date "2005.??.??"]
[Round "?"]
[White "Chvojka, Jaroslav"]
[Black "Houdek, Vladimir"]
[Result "1/2-1/2"]
[WhiteElo "2149"]
[BlackElo "2151"]
[PlyCount "95"]
[EventDate "2005.??.??"]
[EventType "corr"]
[EventRounds "2"]

1. d4 d5 2. c4 dxc4 3. Nf3 Nf6 4. e3 e6 5. Bxc4 c5 6. O-O a6 7. Bb3 Nc6 8. Nc3
cxd4 9. exd4 Be7 10. Re1 O-O 11. a3 Qc7 12. Be3 Bd7 13. d5 exd5 14. Nxd5 Nxd5
15. Bxd5 Bf6 16. Qc2 Rfe8 17. Bg5 Qa5 18. Red1 Nd4 19. Nxd4 Qxd5 20. Bxf6 gxf6
21. Nf3 Qc6 22. Qxc6 Bxc6 23. Nd4 Bd7 24. f3 Rac8 25. Kf2 Kf8 26. Rd2 Re5 27.
Rad1 Kg7 28. Kg3 h5 29. Kh4 Kg6 30. h3 Rce8 31. Rd3 Rc8 32. R1d2 a5 33. f4 Re4
34. Rg3+ Kh6 35. Rf3 Rc4 36. Ne2 Bc6 37. Rfd3 Kg6 38. Rd8 a4 39. g3 Re8 40. Nc3
Rxd8 41. Rxd8 Rc5 42. Rg8+ Kh7 43. Ra8 Kg6 44. Rc8 Kg7 45. Rd8 Kg6 46. Rh8 Ra5
47. Rg8+ Kh7 48. Rd8 1/2-1/2

[Event "MCR_CF02"]
[Site "?"]
[Date "2005.??.??"]
[Round "?"]
[White "Chvojka, Jaroslav"]
[Black "Izing, Stefan ml."]
[Result "1/2-1/2"]
[WhiteElo "2149"]
[BlackElo "2000"]
[PlyCount "89"]
[EventDate "2005.??.??"]
[EventType "corr"]
[EventRounds "2"]

1. d4 d5 2. c4 e6 3. Nc3 c6 4. Nf3 Nf6 5. e3 Nbd7 6. Bd3 dxc4 7. Bxc4 b5 8. Bd3
a6 9. e4 c5 10. Be3 cxd4 11. Bxd4 Bc5 12. Bc2 Qb6 13. a3 Bb7 14. O-O O-O 15.
Bxc5 Qxc5 16. Qe2 Ng4 17. Rfd1 Rfd8 18. Rac1 h6 19. Bd3 Qb6 20. Rc2 Nc5 21.
Rcd2 Nb3 22. Rc2 Rac8 23. h3 Nf6 24. e5 Nh5 25. Be4 Ng3 26. Rxd8+ Rxd8 27. Qe1
Nf5 28. Kh1 Na5 29. Bxb7 Qxb7 30. Nb1 Nc6 31. Rc5 Nfe7 32. Nbd2 Qb6 33. Ne4 Na5
34. Rc1 Nd5 35. Rc2 Nc4 36. a4 Qb8 37. Nc5 Qb6 38. Ne4 Ne7 39. b3 Na5 40. axb5
axb5 41. Rd2 Nac6 42. Qc1 Qa5 43. Rc2 Nd4 44. Nxd4 Rxd4 45. Nd6 1/2-1/2

[Event "MCR_CF02"]
[Site "?"]
[Date "2005.??.??"]
[Round "?"]
[White "Chvojka, Jaroslav"]
[Black "Jurci, Peter"]
[Result "1-0"]
[WhiteElo "2149"]
[BlackElo "2051"]
[PlyCount "79"]
[EventDate "2005.??.??"]
[EventType "corr"]
[EventRounds "2"]

1. d4 Nf6 2. c4 g6 3. Nc3 Bg7 4. e4 d6 5. Nf3 O-O 6. Be2 e5 7. O-O Nc6 8. d5
Ne7 9. Qc2 Ne8 10. Bd2 f5 11. Rad1 Nf6 12. exf5 gxf5 13. Rfe1 a6 14. Ng5 Qe8
15. Ne6 Bxe6 16. dxe6 Rc8 17. Qb3 b6 18. Nd5 Nc6 19. Bg5 Qxe6 20. Bxf6 Bxf6 21.
c5 Kh8 22. Bxa6 Rcd8 23. Qa4 Nb8 24. Nxc7 Qe7 25. cxb6 Nxa6 26. Qxa6 Rg8 27. a4
e4 28. a5 Bxb2 29. g3 Qf7 30. Qb5 Bc3 31. Re2 Be5 32. a6 f4 33. Qd5 Qh5 34.
Rxe4 Rdf8 35. a7 fxg3 36. fxg3 Qf3 37. Rxe5 Qf2+ 38. Kh1 dxe5 39. Ne6 Rf6 40.
a8=Q 1-0

[Event "MCR_CF02"]
[Site "?"]
[Date "2005.??.??"]
[Round "?"]
[White "Chvojka, Jaroslav"]
[Black "Kubelka, Martin"]
[Result "1/2-1/2"]
[WhiteElo "2149"]
[BlackElo "2142"]
[PlyCount "66"]
[EventDate "2005.??.??"]
[EventType "corr"]
[EventRounds "2"]

1. d4 Nf6 2. c4 e6 3. Nf3 b6 4. g3 Ba6 5. b3 Bb4+ 6. Bd2 Be7 7. Bg2 c6 8. Bc3
d5 9. Ne5 Nfd7 10. Nxd7 Nxd7 11. Nd2 O-O 12. O-O Rc8 13. e4 b5 14. Re1 bxc4 15.
bxc4 dxc4 16. Qa4 Bb5 17. Qc2 Re8 18. a4 Ba6 19. Rad1 Bf8 20. Nf1 Rb8 21. Ne3
Bb4 22. d5 exd5 23. exd5 c5 24. d6 Bxc3 25. Qxc3 Rb3 26. Qc1 Ne5 27. Nd5 Nd3
28. Rxe8+ Qxe8 29. Qg5 h6 30. Qf5 Qe2 31. Ne7+ Kf8 32. Rf1 Qe6 33. Qh7 f5
1/2-1/2

[Event "MCR_CF02"]
[Site "?"]
[Date "2005.??.??"]
[Round "?"]
[White "Chvojka, Jaroslav"]
[Black "Markytan, Vladislav"]
[Result "1/2-1/2"]
[WhiteElo "2149"]
[BlackElo "2168"]
[PlyCount "83"]
[EventDate "2005.??.??"]
[EventType "corr"]
[EventRounds "2"]

1. d4 e6 2. e4 d5 3. Nc3 Nf6 4. Bg5 dxe4 5. Nxe4 Be7 6. Bxf6 Bxf6 7. Nf3 Nd7 8.
Qd2 O-O 9. O-O-O b6 10. Bc4 Bb7 11. Rhe1 Rb8 12. d5 Nc5 13. Nxf6+ Qxf6 14. dxe6
fxe6 15. Ng5 Bxg2 16. Nxe6 b5 17. Nxc5+ bxc4 18. Qd4 Qxd4 19. Rxd4 c3 20. bxc3
Rxf2 21. Rd7 Bh3 22. Rxc7 Bf5 23. Nd3 Rxh2 24. Ree7 Rg2 25. Ne1 Rg3 26. Rxa7 h5
27. Ra4 Rxc3 28. Re5 Rf8 29. Kd2 Rg3 30. Re3 Rg4 31. Rxg4 Bxg4 32. Re4 Ra8 33.
a4 Ra5 34. Ke3 Bd7 35. Nf3 Bxa4 36. c3 Bd1 37. Re5 Rxe5+ 38. Nxe5 Kh7 39. Kf4
Kh6 40. Nf7+ Kg6 41. Ng5 Be2 42. Ne6 1/2-1/2

[Event "MCR_CF02"]
[Site "?"]
[Date "2005.??.??"]
[Round "?"]
[White "Cvak, Rudolf"]
[Black "Chvojka, Jaroslav"]
[Result "0-1"]
[WhiteElo "2040"]
[BlackElo "2149"]
[PlyCount "106"]
[EventDate "2005.??.??"]
[EventType "corr"]
[EventRounds "2"]

1. e4 c6 2. d4 d5 3. exd5 cxd5 4. c3 Nc6 5. Nf3 Bg4 6. Qb3 Bxf3 7. Qxb7 Qc8 8.
Qxc8+ Rxc8 9. gxf3 Nxd4 10. Ba6 Rc6 11. Bd3 Nxf3+ 12. Ke2 Rf6 13. Be3 a6 14.
Bxa6 Rxa6 15. Kxf3 e6 16. a4 Bd6 17. b4 Ne7 18. b5 Ra8 19. Nd2 Kd7 20. c4 Rhc8
21. Rhc1 Bxh2 22. a5 Be5 23. Ra4 d4 24. Bf4 Bxf4 25. Kxf4 Nd5+ 26. Ke5 Nc3 27.
Rca1 Nxa4 28. Rxa4 d3 29. Kd4 Rcb8 30. Kxd3 h5 31. Ra1 h4 32. Ne4 h3 33. a6 Rh8
34. c5 h2 35. Ng3 g5 36. Kd4 Rad8 37. Ke3 f5 38. Kf3 g4+ 39. Ke3 e5 40. Ke2 f4
41. Nh1 Rhg8 42. a7 Kc7 43. Ra6 Kb7 44. Rh6 Kxa7 45. Rh7+ Kb8 46. c6 Rd4 47. b6
Ra4 48. Rxh2 g3 49. Nxg3 Ra2+ 50. Kf1 fxg3 51. Rg2 Rxf2+ 52. Rxf2 gxf2 53. Kxf2
Rg6 0-1

[Event "MCR_CF02"]
[Site "?"]
[Date "2005.??.??"]
[Round "?"]
[White "Cvak, Rudolf"]
[Black "Houdek, Vladimir"]
[Result "1-0"]
[WhiteElo "2040"]
[BlackElo "2151"]
[PlyCount "43"]
[EventDate "2005.??.??"]
[EventType "corr"]
[EventRounds "2"]

1. e4 e6 2. d4 d5 3. e5 c5 4. Nc3 Nc6 5. Nf3 a6 6. dxc5 Bxc5 7. Bd3 Qc7 8. O-O
Nge7 9. Bf4 h6 10. Bg3 Bd7 11. Re1 O-O 12. a3 Nd4 13. Nh4 Rac8 14. Qg4 Qb6 15.
b4 Bxb4 16. Rab1 Rxc3 17. Rxb4 Nb5 18. Bf4 f5 19. Qg3 Qa5 20. Bxh6 Rf7 21. Bc1
Rc8 22. Nf3 1-0

[Event "MCR_CF02"]
[Site "?"]
[Date "2005.??.??"]
[Round "?"]
[White "Cvak, Rudolf"]
[Black "Izing, Stefan ml."]
[Result "1/2-1/2"]
[WhiteElo "2040"]
[BlackElo "2000"]
[PlyCount "129"]
[EventDate "2005.??.??"]
[EventType "corr"]
[EventRounds "2"]

1. e4 c5 2. Nf3 d6 3. d4 cxd4 4. Nxd4 Nf6 5. Nc3 a6 6. Bg5 e6 7. f4 Be7 8. Qf3
Qc7 9. O-O-O Nbd7 10. g4 b5 11. Bxf6 Nxf6 12. g5 Nd7 13. f5 Bxg5+ 14. Kb1 Ne5
15. Qh5 Qe7 16. Nxe6 Bxe6 17. fxe6 g6 18. exf7+ Kxf7 19. Qh3 Kg7 20. Nd5 Qd8
21. Be2 Rf8 22. Rhf1 Rxf1 23. Rxf1 Ra7 24. Qa3 Qd7 25. Rd1 Qc6 26. Qg3 Bd8 27.
h4 Rf7 28. h5 g5 29. Bg4 a5 30. h6+ Kh8 31. Bf5 Qc5 32. c3 a4 33. a3 Nc4 34.
Rd3 Ne5 35. Rd1 Nc4 36. Rd4 Rf8 37. Rd1 Rf7 38. Qh2 Ne5 39. Qg2 Nc4 40. Qe2 Qc6
41. Ka1 Qe8 42. Qd3 Ne5 43. Qe3 Qf8 44. Qh3 Qe8 45. Rf1 Rf8 46. Qg2 Qf7 47. Qe2
Qe8 48. Rd1 Qc6 49. Qg2 Qc4 50. Nf4 Qb3 51. Rf1 Nc4 52. Nd5 b4 53. cxb4 Bf6 54.
Nxf6 Ne3 55. Qe2 Nxf1 56. Nd7 Rc8 57. Nc5 dxc5 58. Qxf1 Rf8 59. bxc5 g4 60. Qc1
g3 61. c6 g2 62. c7 Rc8 63. Bxc8 g1=Q 64. Qxg1 Qxb2+ 65. Kxb2 1/2-1/2

[Event "MCR_CF02"]
[Site "?"]
[Date "2005.??.??"]
[Round "?"]
[White "Cvak, Rudolf"]
[Black "Jurci, Peter"]
[Result "0-1"]
[WhiteElo "2040"]
[BlackElo "2051"]
[PlyCount "44"]
[EventDate "2005.??.??"]
[EventType "corr"]
[EventRounds "2"]

1. e4 e6 2. d4 d5 3. Nc3 Bb4 4. e5 c5 5. a3 Bxc3+ 6. bxc3 Ne7 7. Qg4 O-O 8. Bd3
Nbc6 9. Qh5 Ng6 10. Nf3 Qc7 11. h4 cxd4 12. Ng5 Qxe5+ 13. Qe2 Qxe2+ 14. Kxe2 h6
15. Nf3 dxc3 16. Bb5 Bd7 17. Rd1 a6 18. Bxc6 Bxc6 19. h5 Ne7 20. a4 Rac8 21.
Ne5 f6 22. Nxc6 Nxc6 0-1

[Event "MCR_CF02"]
[Site "?"]
[Date "2005.??.??"]
[Round "?"]
[White "Cvak, Rudolf"]
[Black "Kubelka, Martin"]
[Result "1-0"]
[WhiteElo "2040"]
[BlackElo "2142"]
[PlyCount "99"]
[EventDate "2005.??.??"]
[EventType "corr"]
[EventRounds "2"]

1. e4 c5 2. Nf3 d6 3. d4 cxd4 4. Nxd4 Nf6 5. Nc3 a6 6. Bg5 e6 7. f4 Be7 8. Qf3
Qc7 9. O-O-O Nbd7 10. g4 b5 11. Bxf6 Nxf6 12. g5 Nd7 13. f5 Nc5 14. f6 gxf6 15.
gxf6 Bf8 16. Rg1 h5 17. Bd3 b4 18. Nce2 Bb7 19. Kb1 O-O-O 20. Rg5 Kb8 21. h4
Rc8 22. Rf1 d5 23. e5 Ne4 24. Bxe4 dxe4 25. Qb3 Qd7 26. Rd1 Bd5 27. Qg3 Qc7 28.
Nf4 Bc4 29. Qe1 Bh6 30. Qxb4+ Ka8 31. Qe1 Qb7 32. b3 Bxg5 33. hxg5 Rhg8 34. g6
fxg6 35. Ka1 Rb8 36. Nfxe6 Bxe6 37. Nxe6 Rgc8 38. Rd6 Rxc2 39. Qa5 Rc6 40. Nd8
Rxd6 41. Nxb7 Rd1+ 42. Kb2 Kxb7 43. e6 Rc8 44. e7 e3 45. f7 Rd2+ 46. Ka3 Rcc2
47. e8=Q Rxa2+ 48. Kb4 Rxa5 49. f8=Q Rb5+ 50. Ka3 1-0

[Event "MCR_CF02"]
[Site "?"]
[Date "2005.??.??"]
[Round "?"]
[White "Cvak, Rudolf"]
[Black "Markytan, Vladislav"]
[Result "1/2-1/2"]
[WhiteElo "2040"]
[BlackElo "2168"]
[PlyCount "117"]
[EventDate "2005.??.??"]
[EventType "corr"]
[EventRounds "2"]

1. e4 e6 2. d4 d5 3. Nc3 Nf6 4. e5 Nfd7 5. f4 c5 6. Nf3 Nc6 7. Be3 a6 8. Qd2 b5
9. Be2 Qb6 10. Nd1 b4 11. c3 a5 12. O-O Be7 13. Nf2 c4 14. Ng4 Rb8 15. b3 cxb3
16. axb3 h5 17. Nf2 bxc3 18. Qxc3 Qxb3 19. Qxc6 Qxe3 20. Bd3 Bb4 21. f5 Qh6 22.
fxe6 Qxe6 23. Qc2 O-O 24. Ng5 Qh6 25. h4 f6 26. Ne6 Rf7 27. Nd8 Rf8 28. Nc6
fxe5 29. Nxb8 Nxb8 30. dxe5 Be6 31. Bb5 Qf4 32. Qc7 Qe3 33. Rac1 Qd4 34. Rcd1
Qe3 35. Kh1 Rc8 36. Qb7 Qg3 37. Rxd5 Qxh4+ 38. Kg1 Qe7 39. Qxe7 Bxe7 40. Rd2
Nc6 41. Nd3 Nd4 42. Nf4 Bg4 43. Ba6 Rd8 44. Bc4+ Kh7 45. Ra2 Bb4 46. Nd3 Be2
47. Rc1 Bxd3 48. Bxd3+ Kh6 49. Kh2 g6 50. Rc4 Nb3 51. Bc2 Nc5 52. Rxa5 Bxa5 53.
Rxc5 Be1 54. Rc6 h4 55. Rxg6+ Kh5 56. e6 Rd5 57. Rg8 Re5 58. g4+ hxg3+ 59. Rxg3
1/2-1/2

[Event "MCR_CF02"]
[Site "?"]
[Date "2005.??.??"]
[Round "?"]
[White "Houdek, Vladimir"]
[Black "Chvojka, Jaroslav"]
[Result "1-0"]
[WhiteElo "2151"]
[BlackElo "2149"]
[PlyCount "103"]
[EventDate "2005.??.??"]
[EventType "corr"]
[EventRounds "2"]

1. Nf3 d5 2. d4 Nf6 3. c4 e6 4. Nc3 c6 5. e3 Nbd7 6. Qc2 Bd6 7. Be2 O-O 8. O-O
dxc4 9. Bxc4 a6 10. Rd1 Qc7 11. Be2 e5 12. h3 Re8 13. dxe5 Nxe5 14. Ng5 Rd8 15.
f4 Ng6 16. Bc4 Rf8 17. Nce4 Nxe4 18. Nxe4 Be7 19. Nf2 Bh4 20. Bd2 Be6 21. Bb4
Bxf2+ 22. Kxf2 Rfd8 23. Bxe6 fxe6 24. Qe4 Qf7 25. Bd6 Rd7 26. Rd3 e5 27. f5 Ne7
28. Bxe7 Rxe7 29. g4 Rf8 30. Kg3 g6 31. Rf1 Qxa2 32. f6 Ree8 33. g5 Rf7 34.
Rfd1 Qa5 35. h4 Qc7 36. Rd6 Kh8 37. b4 a5 38. bxa5 Qxa5 39. Qc4 Qb6 40. Kf2
Rff8 41. Rd7 Qb2+ 42. Kg3 e4 43. Qd4 Qxd4 44. R1xd4 c5 45. Ra4 h6 46. Rxb7 hxg5
47. hxg5 Rb8 48. Rg7 Rg8 49. Rga7 Rb1 50. Rxe4 Rg1+ 51. Kf4 Rh1 52. Ree7 1-0

[Event "MCR_CF02"]
[Site "?"]
[Date "2005.??.??"]
[Round "?"]
[White "Houdek, Vladimir"]
[Black "Cvak, Rudolf"]
[Result "0-1"]
[WhiteElo "2151"]
[BlackElo "2040"]
[PlyCount "54"]
[EventDate "2005.??.??"]
[EventType "corr"]
[EventRounds "2"]

1. Nf3 d5 2. d4 c6 3. Bf4 e6 4. e3 Nf6 5. Bd3 Nbd7 6. O-O c5 7. Nc3 a6 8. dxc5
Nxc5 9. Re1 b5 10. e4 dxe4 11. Nxe4 Nfxe4 12. Rxe4 Nxd3 13. cxd3 Bb7 14. Bg5
Qd5 15. a4 h6 16. Bf4 Qh5 17. Re3 Be7 18. axb5 axb5 19. Rxa8+ Bxa8 20. h3 O-O
21. Qe1 b4 22. Be5 Rc8 23. Kh2 Bd5 24. Bg3 Qf5 25. Nd4 Qg6 26. Nf3 Rc2 27. b3
Rc3 0-1

[Event "MCR_CF02"]
[Site "?"]
[Date "2005.??.??"]
[Round "?"]
[White "Houdek, Vladimir"]
[Black "Izing, Stefan ml."]
[Result "0-1"]
[WhiteElo "2151"]
[BlackElo "2000"]
[PlyCount "82"]
[EventDate "2005.??.??"]
[EventType "corr"]
[EventRounds "2"]

1. Nf3 d5 2. d4 Nf6 3. c4 e6 4. Nc3 c6 5. e3 Nbd7 6. Qc2 Bd6 7. Bd3 O-O 8. O-O
dxc4 9. Bxc4 b5 10. Be2 Bb7 11. Rd1 Qc7 12. a3 a6 13. b4 Rfe8 14. h3 e5 15. Bb2
exd4 16. Rxd4 c5 17. bxc5 Bxc5 18. Rd2 Nb6 19. Rad1 Rac8 20. Qb3 Bf8 21. Rd4
Nc4 22. Bxc4 bxc4 23. Qc2 Bxf3 24. gxf3 Re5 25. h4 Rh5 26. Kg2 Rh6 27. Qf5 Rg6+
28. Kh1 Re8 29. a4 Re5 30. Qh3 Rh5 31. Ne2 Qb7 32. Ba1 Rd5 33. Nf4 Rxd4 34.
Bxd4 Rh6 35. Rc1 Qc6 36. a5 Nd5 37. Ne2 Qc7 38. Kg2 c3 39. Nxc3 Rg6+ 40. Kh1
Rc6 41. Qg3 Qc8 0-1

[Event "MCR_CF02"]
[Site "?"]
[Date "2005.??.??"]
[Round "?"]
[White "Houdek, Vladimir"]
[Black "Jurci, Peter"]
[Result "1-0"]
[WhiteElo "2151"]
[BlackElo "2051"]
[PlyCount "75"]
[EventDate "2005.??.??"]
[EventType "corr"]
[EventRounds "2"]

1. Nf3 d5 2. d4 Nf6 3. c4 e6 4. Nc3 Be7 5. Bf4 O-O 6. e3 c5 7. dxc5 Bxc5 8.
cxd5 Nxd5 9. Nxd5 exd5 10. a3 Nc6 11. Bd3 Bb6 12. O-O d4 13. Qc2 h6 14. e4 Qf6
15. Bg3 Bg4 16. e5 Qe7 17. Qe2 Rfe8 18. Rfe1 Bh5 19. Rac1 Qd7 20. Qc2 Bg4 21.
Nd2 Rac8 22. Qb1 Ne7 23. Nc4 Bf5 24. Nd6 Rxc1 25. Rxc1 Bxd3 26. Qxd3 Rd8 27. h3
Nc8 28. Bh4 g5 29. Ne4 Kf8 30. Nf6 Qe6 31. Bg3 Ne7 32. a4 Nc6 33. Re1 a6 34. f4
Nb4 35. Qh7 d3+ 36. Kh2 Nc2 37. f5 Qc6 38. e6 1-0

[Event "MCR_CF02"]
[Site "?"]
[Date "2005.??.??"]
[Round "?"]
[White "Houdek, Vladimir"]
[Black "Kubelka, Martin"]
[Result "1/2-1/2"]
[WhiteElo "2151"]
[BlackElo "2142"]
[PlyCount "79"]
[EventDate "2005.??.??"]
[EventType "corr"]
[EventRounds "2"]

1. Nf3 Nf6 2. c4 e6 3. Nc3 Bb4 4. Qc2 O-O 5. a3 Bxc3 6. Qxc3 b6 7. g3 Bb7 8.
Bg2 d6 9. O-O Nbd7 10. d3 c5 11. b4 Qe7 12. Bb2 Rac8 13. a4 Nb8 14. b5 a5 15.
h3 Nbd7 16. e4 d5 17. exd5 exd5 18. Rae1 Qd8 19. Qd2 d4 20. Qf4 Re8 21. g4 Rxe1
22. Rxe1 Nf8 23. g5 Ng6 24. Qh2 Nh5 25. Bc1 Rc7 26. h4 Ne7 27. Ne5 Bxg2 28.
Qxg2 g6 29. Qe4 Nf5 30. Nc6 Qd6 31. Qe8+ Qf8 32. Qe5 Rd7 33. Qh2 Nfg7 34. Bd2
Ne6 35. Re4 Qa8 36. Qe5 Qb7 37. Re1 Qc7 38. Qe2 Nhg7 39. Qg4 Nh5 40. Qf3
1/2-1/2

[Event "MCR_CF02"]
[Site "?"]
[Date "2005.??.??"]
[Round "?"]
[White "Houdek, Vladimir"]
[Black "Markytan, Vladislav"]
[Result "0-1"]
[WhiteElo "2151"]
[BlackElo "2168"]
[PlyCount "76"]
[EventDate "2005.??.??"]
[EventType "corr"]
[EventRounds "2"]

1. c4 e6 2. Nc3 Nf6 3. Nf3 d5 4. d4 Bb4 5. cxd5 exd5 6. Bg5 c6 7. Qc2 O-O 8. e3
h6 9. Bxf6 Qxf6 10. Bd3 Bd6 11. h3 Re8 12. a3 Be6 13. e4 dxe4 14. Nxe4 Qf4 15.
Qe2 Bf8 16. Ne5 Qh4 17. O-O Nd7 18. f4 f5 19. Ng6 Qd8 20. Ng3 Bf7 21. Ne5 Nxe5
22. dxe5 g6 23. Kh2 Qd4 24. Rad1 Bb3 25. Rc1 Rad8 26. Bc4+ Bxc4 27. Rxc4 Qd3
28. Rfc1 Qxe2 29. Nxe2 Rd2 30. R1c2 Red8 31. b4 Kf7 32. Rxd2 Rxd2 33. Nc1 g5
34. Nb3 Rd3 35. Na5 Ke6 36. Nxb7 Kd5 37. Na5 c5 38. a4 cxb4 0-1

[Event "MCR_CF02"]
[Site "?"]
[Date "2005.??.??"]
[Round "?"]
[White "Izing, Stefan ml."]
[Black "Chvojka, Jaroslav"]
[Result "1-0"]
[WhiteElo "2000"]
[BlackElo "2149"]
[PlyCount "91"]
[EventDate "2005.??.??"]
[EventType "corr"]
[EventRounds "2"]

1. e4 c6 2. d4 d5 3. exd5 cxd5 4. c4 Nf6 5. Nc3 e6 6. Nf3 Bb4 7. cxd5 Nxd5 8.
Qc2 Nc6 9. Be2 O-O 10. O-O Be7 11. Rd1 Bd7 12. Bd3 Ncb4 13. Bxh7+ Kh8 14. Qb1
g6 15. Bxg6 fxg6 16. Qxg6 Qe8 17. Qh6+ Kg8 18. Ne5 Bf6 19. Qh3 Bxe5 20. dxe5
Qf7 21. Ne4 Nc6 22. Nf6+ Nxf6 23. exf6 Rfd8 24. Qg4+ Kf8 25. Rd3 e5 26. Qh4 Be6
27. Bh6+ Ke8 28. Rg3 Rd4 29. f4 Qc7 30. Qh5+ Kd8 31. Rg7 Qb6 32. Kh1 Qxb2 33.
Rf1 Rd7 34. Rxd7+ Kxd7 35. f7 Bxa2 36. Qg4+ Kc7 37. fxe5 Bxf7 38. Rxf7+ Kb6 39.
Be3+ Ka6 40. e6 Qb5 41. Rf5 Qb3 42. Qe2+ b5 43. Qf3 Ne7 44. Qxa8 Qxe3 45. Rf1
Qe5 46. Qd8 1-0

[Event "MCR_CF02"]
[Site "?"]
[Date "2005.??.??"]
[Round "?"]
[White "Izing, Stefan ml."]
[Black "Cvak, Rudolf"]
[Result "1/2-1/2"]
[WhiteElo "2000"]
[BlackElo "2040"]
[PlyCount "135"]
[EventDate "2005.??.??"]
[EventType "corr"]
[EventRounds "2"]

1. e4 e5 2. Nf3 Nc6 3. Bb5 a6 4. Ba4 Nf6 5. O-O Be7 6. Re1 b5 7. Bb3 O-O 8. a4
Bb7 9. d3 b4 10. Nbd2 Bc5 11. Nc4 Re8 12. Bg5 d5 13. exd5 Nd4 14. Ncxe5 h6 15.
Bh4 Nxb3 16. cxb3 g5 17. Bg3 Qxd5 18. Rc1 g4 19. Bh4 gxf3 20. Bxf6 Bxf2+ 21.
Kxf2 Qd4+ 22. Re3 Qb6 23. Rxc7 Qxc7 24. gxf3 Rxe5 25. Bxe5 Qc6 26. Re4 Kh7 27.
Rc4 Qe6 28. d4 Bd5 29. Qb1+ Qg6 30. Qxg6+ Kxg6 31. Rxb4 Rc8 32. Kg3 f6 33. Bf4
Kf5 34. Bd2 Rc2 35. Bc3 Re2 36. Rc4 Re3 37. Rc5 Ke6 38. Ra5 Rxf3+ 39. Kg4 f5+
40. Kh4 Bb7 41. b4 Kd7 42. Rc5 f4 43. b5 axb5 44. Rxb5 Bc6 45. Ra5 Ke6 46. Rh5
Bxa4 47. Rxh6+ Kd5 48. Rh5+ Ke4 49. Re5+ Kd3 50. Kg5 Rf2 51. h4 f3 52. Kf4 Bd1
53. Re3+ Kc2 54. Be1 Rh2 55. Rxf3 Bxf3 56. Kxf3 Rh1 57. Bg3 Kxb2 58. Kg2 Rb1
59. Be5 Kc3 60. h5 Rb7 61. Kg3 Kc4 62. Kh4 Rb1 63. Kg5 Rg1+ 64. Kf6 Rh1 65. Kg6
Kd5 66. h6 Rg1+ 67. Kf7 Rh1 68. Kg6 1/2-1/2

[Event "MCR_CF02"]
[Site "?"]
[Date "2005.??.??"]
[Round "?"]
[White "Izing, Stefan ml."]
[Black "Houdek, Vladimir"]
[Result "1-0"]
[WhiteElo "2000"]
[BlackElo "2151"]
[PlyCount "55"]
[EventDate "2005.??.??"]
[EventType "corr"]
[EventRounds "2"]

1. e4 e6 2. d4 d5 3. Nc3 Nf6 4. Bg5 dxe4 5. Nxe4 Be7 6. Bxf6 gxf6 7. Nf3 a6 8.
c4 f5 9. Nc3 Nd7 10. Qc2 O-O 11. O-O-O c6 12. g4 fxg4 13. Rg1 f5 14. h3 Bg5+
15. Nxg5 Qxg5+ 16. Kb1 h5 17. hxg4 fxg4 18. Ne4 Qh6 19. Be2 Nf6 20. f3 Nxe4 21.
Qxe4 Qh7 22. Qxh7+ Kxh7 23. fxg4 h4 24. Rh1 Rf4 25. Rxh4+ Kg7 26. Kc2 Bd7 27.
Kd3 Raf8 28. Rdh1 1-0

[Event "MCR_CF02"]
[Site "?"]
[Date "2005.??.??"]
[Round "?"]
[White "Izing, Stefan ml."]
[Black "Jurci, Peter"]
[Result "1-0"]
[WhiteElo "2000"]
[BlackElo "2051"]
[PlyCount "67"]
[EventDate "2005.??.??"]
[EventType "corr"]
[EventRounds "2"]

1. e4 e6 2. d4 d5 3. Nc3 Bb4 4. e5 c5 5. a3 Bxc3+ 6. bxc3 Ne7 7. Qg4 O-O 8. Bd3
Nbc6 9. Qh5 Ng6 10. Nf3 Qc7 11. Be3 c4 12. Bxg6 fxg6 13. Qg4 Bd7 14. h4 Rf5 15.
h5 gxh5 16. Rxh5 Rxh5 17. Qxh5 Rf8 18. Kd2 Be8 19. Qh3 Rxf3 20. Qxf3 Bg6 21.
Qh3 Qd7 22. f3 Na5 23. Ra2 Bf5 24. Qh4 h6 25. a4 Kh7 26. Ra1 Qe8 27. g4 Bg6 28.
Rh1 Qxa4 29. Bxh6 Qxc2+ 30. Ke3 Qxc3+ 31. Kf2 Qb2+ 32. Bd2+ Kg8 33. Qd8+ Kf7
34. Qd7+ 1-0

[Event "MCR_CF02"]
[Site "?"]
[Date "2005.??.??"]
[Round "?"]
[White "Izing, Stefan ml."]
[Black "Kubelka, Martin"]
[Result "1-0"]
[WhiteElo "2000"]
[BlackElo "2142"]
[PlyCount "75"]
[EventDate "2005.??.??"]
[EventType "corr"]
[EventRounds "2"]

1. e4 c5 2. Nf3 d6 3. d4 cxd4 4. Nxd4 Nf6 5. Nc3 a6 6. Bg5 e6 7. f4 Be7 8. Qf3
Qc7 9. O-O-O Nbd7 10. g4 b5 11. Bxf6 Nxf6 12. g5 Nd7 13. f5 Nc5 14. f6 gxf6 15.
gxf6 Bf8 16. Rg1 h5 17. a3 Bd7 18. Kb1 Rb8 19. b4 e5 20. Nf5 Bxf5 21. Qxf5 Ne6
22. Nd5 Qd8 23. Bh3 a5 24. Qf3 Rb7 25. Bxe6 fxe6 26. Qh3 Kd7 27. Rg6 Qe8 28.
Rg7+ Bxg7 29. fxg7 Rh6 30. Rf1 Rb8 31. Nf6+ Rxf6 32. Rxf6 Qg8 33. Qe3 Rb7 34.
Qg1 Kc6 35. Rxe6 axb4 36. axb4 Kd7 37. Rf6 Ke7 38. Rh6 1-0

[Event "MCR_CF02"]
[Site "?"]
[Date "2005.??.??"]
[Round "?"]
[White "Izing, Stefan ml."]
[Black "Markytan, Vladislav"]
[Result "1-0"]
[WhiteElo "2000"]
[BlackElo "2168"]
[PlyCount "93"]
[EventDate "2005.??.??"]
[EventType "corr"]
[EventRounds "2"]

1. e4 e6 2. d4 d5 3. Nc3 Nf6 4. Bg5 dxe4 5. Nxe4 Be7 6. Bxf6 Bxf6 7. Nf3 Nd7 8.
Qd2 O-O 9. O-O-O b6 10. Bc4 Bb7 11. d5 b5 12. Bb3 Nb6 13. Nxf6+ Qxf6 14. dxe6
fxe6 15. Rhe1 Nc4 16. Qd4 Bxf3 17. Qxf6 Rxf6 18. gxf3 c5 19. a4 a6 20. h4 Rxf3
21. Rxe6 Rxf2 22. Re4 Raf8 23. Bxc4+ bxc4 24. Rxc4 R8f4 25. Rd8+ Kf7 26. Rd7+
Kf6 27. Rxc5 Rxa4 28. b3 Rxh4 29. Rc6+ Ke5 30. Rxg7 Rhh2 31. Rgc7 Rf6 32. Rxf6
Kxf6 33. Rc6+ Ke5 34. Rxa6 Kd5 35. Kb2 Kc5 36. Ra5+ Kb6 37. Rg5 h5 38. b4 h4
39. Rh5 Re2 40. Rxh4 Kb5 41. Kb3 Re3+ 42. c3 Rf3 43. Rh5+ Kb6 44. Rd5 Rg3 45.
Kc4 Rg4+ 46. Rd4 Rg6 47. b5 1-0

[Event "MCR_CF02"]
[Site "?"]
[Date "2005.??.??"]
[Round "?"]
[White "Jurci, Peter"]
[Black "Chvojka, Jaroslav"]
[Result "0-1"]
[WhiteElo "2051"]
[BlackElo "2149"]
[PlyCount "82"]
[EventDate "2005.??.??"]
[EventType "corr"]
[EventRounds "2"]

1. d4 Nf6 2. c4 e6 3. Nc3 Bb4 4. e3 O-O 5. Bd3 d5 6. Nf3 c5 7. O-O dxc4 8. Bxc4
Nbd7 9. Qe2 b6 10. d5 Bxc3 11. dxe6 Ba5 12. exd7 Qxd7 13. Rd1 Qc6 14. e4 Be6
15. Bd3 c4 16. Bc2 Bg4 17. Bg5 Rfe8 18. Rd4 b5 19. Rad1 Bc7 20. a4 a6 21. axb5
axb5 22. Bb1 h6 23. Bh4 Ra1 24. Bg3 Bxg3 25. hxg3 Nxe4 26. Kh2 Nf6 27. Qc2 Bxf3
28. gxf3 Qxf3 29. Rf4 Qe2 30. Qxe2 Rxe2 31. Bh7+ Kxh7 32. Rxa1 Rxb2 33. Rc1 Kg6
34. Kg2 Nd5 35. Rf3 f5 36. Re1 b4 37. Re5 Rd2 38. Re6+ Kg5 39. Rc6 b3 40. Rxc4
b2 41. Rb3 Ne3+ 0-1